The Theatre of Love presents "Geese" two one-act plays by Gus Weill : designed, produced and directed by Philip Oesterman and Jim Sink.

Bibliographic Details
Corporate Authors: Encore Theatre (San Francisco, Calif.), Theatre of Love (San Francisco, Calif.)
Other Authors: Frances, Harriette (Illustrator), Oesterman, Philip, Sink, Jim, Weill, Gus
Format: Book
Language:English
Published: [San Francisco] : The Encore Theatre, [1969]
Subjects:

MARC

Tag First Indicator Second Indicator Subfields
LEADER 00000cam a2200000Ii 4500
001 in00004092839
005 20200821175845.0
008 200401s1969 caua 000 0 eng d
040 |a TXA  |b eng  |e rda  |c TXA 
035 |a (OCoLC)1187226255 
043 |a n-us-ca 
050 4 |a PN2277.S42  |b E53 1969 
245 0 4 |a The Theatre of Love presents "Geese" two one-act plays by Gus Weill :  |b designed, produced and directed by Philip Oesterman and Jim Sink. 
264 1 |a [San Francisco] :  |b The Encore Theatre,  |c [1969] 
300 |a 1 folded sheet (6 panels) :  |b illustrations ;  |c 24 cm 
336 |a text  |b txt  |2 rdacontent 
337 |a unmediated  |b n  |2 rdamedia 
338 |a sheet  |b nb  |2 rdacarrier 
500 |a Illustration by Harriette Frances. 
500 |a The Cushing Library/Women & Gender Studies copy was acquired as part of The Don Kelly Research Collection of Gay Literature and Culture.  |5 TXA 
650 0 |a Gay theater  |z California  |z San Francisco. 
600 1 0 |a Weill, Gus  |x Dramatic production. 
655 7 |a Theater programs.  |2 lcgft 
700 1 |a Frances, Harriette,  |e illustrator. 
700 1 |a Oesterman, Philip. 
700 1 |a Sink, Jim. 
700 1 |a Weill, Gus.  |t Geese. 
710 2 |a Encore Theatre (San Francisco, Calif.) 
710 2 |a Theatre of Love (San Francisco, Calif.) 
994 |a C0  |b TXA 
948 |a cataloged  |b h  |c 2020/8/21  |d o  |e nbehmer  |f 5:58:06 pm 
999 f f |s 8d26039d-525b-30fa-bcf1-07bc5959d3cb  |i 67daeddb-df6b-377b-9617-54ffc3311400  |t 0 
952 f f |p noncirc  |a Texas A&M University  |b College Station  |c Cushing Memorial Library & Archives  |d Cushing: Women & Gender Studies (Does not check out)  |t 0  |e PN2277.S42 E53 1969  |f Vertical file  |h Library of Congress classification  |i unmediated -- sheet 
998 f f |a PN2277.S42 E53 1969  |t 0  |l Cushing: Women & Gender Studies (Does not check out)